[Event "NAYCC U14"]
[Site "Kingston CAN"]
[Date "2019.08.17"]
[Round "4.142"]
[White "Wang, Robert"]
[Black "Albury, Noah"]
[Result "1-0"]
[WhiteElo "1287"]
[BlackElo "1508"]
[PlyCount "69"]
[EventDate "2019.08.16"]
[EventType "swiss"]
[EventRounds "9"]
[EventCountry "CAN"]

1. d4 d5 2. c4 c6 3. Nc3 Nf6 4. e3 Bf5 5. Be2 e6 6. Qb3 Qb6 7. Qxb6 axb6 8.
cxd5 exd5 9. a3 Bd6 10. Nf3 O-O 11. O-O c5 12. dxc5 bxc5 13. Rd1 Be6 14. e4 d4
15. e5 Bxe5 16. Nxe5 dxc3 17. bxc3 Nbd7 18. Nxd7 Nxd7 19. Bf3 Ra7 20. Rb1 b6
21. Bc6 Ne5 22. Rxb6 Nxc6 23. Rxc6 c4 24. Be3 Rxa3 25. Bc5 Rxc3 26. Bxf8 Kxf8
27. h3 Ke7 28. Rc7+ Kf6 29. Rc5 Rc2 30. g4 h6 31. Kg2 Kg6 32. Kg3 f5 33. Rd6
Kf7 34. Rc7+ Kf6 35. Rcc6 1-0

[Event "NAYCC U14"]
[Site "Kingston CAN"]
[Date "2019.08.17"]
[Round "4.112"]
[White "Doknjas, Neil"]
[Black "Kang, Dorian"]
[Result "1-0"]
[WhiteElo "2083"]
[BlackElo "2209"]
[PlyCount "121"]
[EventDate "2019.08.16"]
[EventType "swiss"]
[EventRounds "9"]
[EventCountry "CAN"]

1. e4 c5 2. Nf3 d6 3. d4 cxd4 4. Nxd4 Nf6 5. Nc3 g6 6. Be3 Bg7 7. f3 Nc6 8. Qd2
O-O 9. g4 Be6 10. Nxe6 fxe6 11. O-O-O Ne5 12. Be2 Qc8 13. Rhe1 Nfd7 14. f4 Nc4
15. Bxc4 Qxc4 16. e5 Rfd8 17. exd6 Nb6 18. Bxb6 axb6 19. Re4 Qc8 20. Qe3 exd6
21. Rxe6 Bxc3 22. bxc3 Rxa2 23. Rdxd6 Ra1+ 24. Kb2 Ra8 25. Qxb6 Rxd6 26. Rxd6
Qxg4 27. Qxb7 Rf8 28. Qd5+ Kg7 29. Rd7+ Kh6 30. Qg5+ Qxg5 31. fxg5+ Kxg5 32.
Rxh7 Rb8+ 33. Kc1 Kg4 34. h3+ Kg3 35. Rg7 Rb6 36. c4 Kxh3 37. Kd2 Kg4 38. Kd3
Kf5 39. c5 Ra6 40. Kc4 Kf6 41. Rb7 Ra2 42. c3 Ke6 43. Rg7 Ra8 44. Kb5 g5 45.
Rxg5 Ra3 46. Kc6 Rxc3 47. Rd5 Rc1 48. Rd2 Ke7 49. Kb6 Ke8 50. c6 Rb1+ 51. Kc7
Rb3 52. Re2+ Kf7 53. Kc8 Rb4 54. c7 Rb1 55. Re4 Kf6 56. Kd7 Rd1+ 57. Kc6 Rc1+
58. Kd6 Rc2 59. Rf4+ Kg7 60. Rd4 Kf6 61. Kd7 1-0

[Event "NAYCC U14"]
[Site "Kingston CAN"]
[Date "2019.08.17"]
[Round "4.113"]
[White "Wu, Tony (Dongze)"]
[Black "Wu, Eric"]
[Result "1-0"]
[WhiteElo "2127"]
[BlackElo "2080"]
[PlyCount "65"]
[EventDate "2019.08.16"]
[EventType "swiss"]
[EventRounds "9"]
[EventCountry "CAN"]

1. d4 d5 2. Nf3 Nf6 3. g3 Bf5 4. Bg2 e6 5. O-O Be7 6. c4 c6 7. Nc3 O-O 8. Qb3
Qb6 9. c5 Qxb3 10. axb3 Nbd7 11. b4 b6 12. Bf4 a5 13. bxa5 bxc5 14. dxc5 Bxc5
15. Rfc1 Rfc8 16. Ra4 Ng4 17. Nd1 e5 18. Bxe5 Ngxe5 19. Nxe5 Bd6 20. Ne3 Be6
21. Nd3 Rab8 22. b4 Rb5 23. f4 f6 24. Nc2 c5 25. Nd4 cxd4 26. Rxc8+ Kf7 27. Rc6
Ke7 28. a6 Rb8 29. b5 Nf8 30. a7 Ra8 31. b6 Bd7 32. Bxd5 Bxc6 33. Bxc6 1-0

[Event "NAYCC U14"]
[Site "Kingston CAN"]
[Date "2019.08.17"]
[Round "4.114"]
[White "Tanaka, Tyler"]
[Black "England, Max"]
[Result "1-0"]
[WhiteElo "2227"]
[BlackElo "1998"]
[PlyCount "75"]
[EventDate "2019.08.16"]
[EventType "swiss"]
[EventRounds "9"]
[EventCountry "CAN"]

1. Nf3 Nf6 2. c4 e6 3. g3 d5 4. Bg2 Be7 5. O-O O-O 6. d4 b6 7. Qc2 Bb7 8. cxd5
exd5 9. Nc3 Nbd7 10. Rd1 c5 11. dxc5 Nxc5 12. Nd4 Rc8 13. Bh3 Nfd7 14. Nf5 Ne4
15. Nxe7+ Qxe7 16. Bxd7 Qxd7 17. Qxe4 Qh3 18. Qh4 Qxh4 19. gxh4 Rc4 20. Be3
Rg4+ 21. Kf1 Rxh4 22. Rd4 Rxh2 23. Kg1 Rh5 24. f3 Re8 25. Bf4 Rh4 26. Rad1 h6
27. Kf2 g5 28. Bg3 Rxd4 29. Rxd4 f5 30. e3 Rd8 31. Rd2 h5 32. Nb5 h4 33. Be5
Rf8 34. Rc2 Ba6 35. Nd6 Kh7 36. Rc7+ Kg6 37. Rg7+ Kh5 38. Nf7 1-0

[Event "NAYCC U14"]
[Site "Kingston CAN"]
[Date "2019.08.17"]
[Round "4.115"]
[White "Putnam, Liam Henry"]
[Black "Zhao, Jeffrey Renfei"]
[Result "1-0"]
[WhiteElo "2252"]
[BlackElo "1999"]
[PlyCount "85"]
[EventDate "2019.08.16"]
[EventType "swiss"]
[EventRounds "9"]
[EventCountry "CAN"]

1. e4 e5 2. Nf3 Nc6 3. Bb5 g6 4. c3 Nge7 5. O-O Bg7 6. d4 exd4 7. cxd4 a6 8.
Ba4 b5 9. Bb3 d6 10. Nc3 O-O 11. h3 Bb7 12. Re1 Qd7 13. Nd5 Rae8 14. Bg5 Nxd5
15. Bxd5 Kh8 16. Rc1 Ba8 17. Qd2 f6 18. Bh6 Re7 19. Bxg7+ Kxg7 20. Qc3 Na7 21.
Bxa8 Rxa8 22. e5 fxe5 23. dxe5 Kg8 24. exd6 Rxe1+ 25. Rxe1 cxd6 26. Nd4 d5 27.
Re5 Rc8 28. Qf3 Rd8 29. Re6 Rf8 30. Qe3 Nc8 31. Qe5 Qf7 32. f3 Qd7 33. h4 Qf7
34. Rxa6 Re8 35. Re6 Rxe6 36. Nxe6 d4 37. Nxd4 Qxa2 38. Qe8+ Kg7 39. Qxc8 Qxb2
40. Ne6+ Kh6 41. Qf8+ Kh5 42. Nf4+ Kxh4 43. Qh6+ 1-0

[Event "NAYCC U14"]
[Site "Kingston CAN"]
[Date "2019.08.17"]
[Round "4.116"]
[White "Hu, Merric"]
[Black "Rusonik, Max"]
[Result "1-0"]
[WhiteElo "2215"]
[BlackElo "2180"]
[PlyCount "81"]
[EventDate "2019.08.16"]
[EventType "swiss"]
[EventRounds "9"]
[EventCountry "CAN"]

1. e4 e5 2. Nf3 Nc6 3. Bc4 Bc5 4. d3 Nf6 5. c3 a6 6. a4 Ba7 7. O-O O-O 8. Bg5
d6 9. Nbd2 Ne7 10. Nh4 c6 11. Qf3 Ng6 12. Nf5 Be6 13. h3 d5 14. Ba2 Bxf5 15.
Qxf5 h6 16. Bxf6 gxf6 17. g3 Kg7 18. Nf3 Qd6 19. Kg2 Rad8 20. Bb3 Rd7 21. Rad1
Rfd8 22. Nh2 dxe4 23. Qxe4 h5 24. Nf3 Qc5 25. Ba2 Rh8 26. d4 Qe7 27. dxe5 fxe5
28. Qf5 Rhd8 29. Rde1 Qf6 30. Qxh5 Re8 31. Qg4 Rde7 32. Ng5 Qd6 33. Ne4 Qd7 34.
Qg5 f5 35. Nf6 Qc8 36. Nxe8+ Rxe8 37. h4 f4 38. h5 f3+ 39. Kxf3 Rf8+ 40. Kg2
Rxf2+ 41. Rxf2 1-0

[Event "NAYCC U14"]
[Site "Kingston CAN"]
[Date "2019.08.17"]
[Round "4.117"]
[White "Mao, Fengxi"]
[Black "Zong, Davis"]
[Result "0-1"]
[WhiteElo "2111"]
[BlackElo "2263"]
[PlyCount "44"]
[EventDate "2019.08.16"]
[EventType "swiss"]
[EventRounds "9"]
[EventCountry "CAN"]

1. e4 e5 2. Nf3 Nc6 3. Bb5 a6 4. Ba4 Nf6 5. O-O Nxe4 6. d4 Be7 7. Re1 b5 8.
Rxe4 d5 9. Nxe5 Nxe5 10. Rxe5 bxa4 11. Nc3 O-O 12. Nxa4 Bd6 13. Re3 Qh4 14. g3
Qh3 15. Bd2 Bf5 16. a3 Rfe8 17. Rc1 Rxe3 18. Bxe3 Be4 19. f3 Bxg3 20. Qe2 Bxh2+
21. Qxh2 Qxf3 22. Qf4 Qg2# 0-1

[Event "NAYCC U14"]
[Site "Kingston CAN"]
[Date "2019.08.17"]
[Round "4.118"]
[White "Craciun, David"]
[Black "Oberoi, Shelev"]
[Result "0-1"]
[WhiteElo "1949"]
[BlackElo "2140"]
[PlyCount "96"]
[EventDate "2019.08.16"]
[EventType "swiss"]
[EventRounds "9"]
[EventCountry "CAN"]

1. d4 d5 2. Bf4 c5 3. e3 Nc6 4. Nf3 Nf6 5. Be2 g6 6. h3 Bg7 7. c3 O-O 8. Nbd2
Qb6 9. Qb3 c4 10. Qxb6 axb6 11. O-O b5 12. b3 b4 13. cxb4 c3 14. Nb1 c2 15. Nc3
Nxb4 16. a3 Bd7 17. axb4 Rxa1 18. Rxa1 Rc8 19. Na2 Ra8 20. Bd3 Rxa2 21. Rc1 Bf5
22. Bxf5 gxf5 23. Ne1 Rb2 24. Rxc2 Rb1 25. Kf1 Rxb3 26. Rc8+ Bf8 27. Nc2 Kg7
28. Ke2 e6 29. Bh6+ Kxh6 30. Rxf8 Rb2 31. Kd3 Rb3+ 32. Ke2 Rb2 33. Kd2 Kg7 34.
Rb8 Ne4+ 35. Kc1 Rb3 36. Rxb7 Nxf2 37. b5 Ne4 38. Na1 Rxe3 39. b6 Ra3 40. Kb2
Ra6 41. Rb8 Nd6 42. Kc3 Rxa1 43. Rd8 Rc1+ 44. Kb4 Rc4+ 45. Kb3 Rc6 46. Rb8 Nc4
47. b7 Rb6+ 48. Ka4 Nd6 0-1

[Event "NAYCC U14"]
[Site "Kingston CAN"]
[Date "2019.08.17"]
[Round "4.119"]
[White "Zheng, Richard Qinghe"]
[Black "Wu, Lucian"]
[Result "1-0"]
[WhiteElo "2180"]
[BlackElo "1832"]
[PlyCount "85"]
[EventDate "2019.08.16"]
[EventType "swiss"]
[EventRounds "9"]
[EventCountry "CAN"]

1. b3 e5 2. Bb2 Nc6 3. e3 Nf6 4. Bb5 d6 5. d4 exd4 6. Qxd4 Bd7 7. Bxc6 Bxc6 8.
Nf3 Qd7 9. c4 Be7 10. Nc3 h6 11. h3 b6 12. O-O-O O-O-O 13. e4 Rhg8 14. Rhe1 Nh7
15. Nd5 Bxd5 16. cxd5 Ng5 17. Nd2 Qb5 18. f4 Nh7 19. Kb1 Kb8 20. a4 Qd7 21. Qc4
g5 22. f5 Bf6 23. Nf3 Rde8 24. Bxf6 Nxf6 25. Nd4 Kb7 26. Nc6 g4 27. Nb4 Ka8 28.
Rc1 gxh3 29. gxh3 Rg3 30. Ka2 Rxh3 31. Qxc7 Rh2+ 32. Ka1 Re7 33. Qc4 Rh4 34.
Qa6 Re8 35. e5 Rxb4 36. exf6 Rxe1 37. Rxe1 Qd8 38. Re7 Qb8 39. Qe2 Rd4 40. Kb1
Qc8 41. Kb2 a5 42. Qe3 Rd1 43. Re8 1-0

[Event "NAYCC U14"]
[Site "Kingston CAN"]
[Date "2019.08.17"]
[Round "4.120"]
[White "Tu, Lewis"]
[Black "Zheng, Kevin"]
[Result "1-0"]
[WhiteElo "1937"]
[BlackElo "2058"]
[PlyCount "118"]
[EventDate "2019.08.16"]
[EventType "swiss"]
[EventRounds "9"]
[EventCountry "CAN"]

1. c4 Nf6 2. Nc3 d5 3. cxd5 Nxd5 4. e4 Nxc3 5. bxc3 g6 6. d4 Bg7 7. Nf3 c5 8.
Be3 Nc6 9. Qd2 Qa5 10. Rc1 cxd4 11. cxd4 Qxd2+ 12. Kxd2 O-O 13. Bb5 Na5 14.
Rhd1 a6 15. Be2 Rd8 16. d5 Nc6 17. Ke1 Ne5 18. Bb6 Re8 19. Bc7 Nxf3+ 20. Bxf3
Bd7 21. e5 Rac8 22. Kf1 b6 23. d6 Bxe5 24. Bb7 Bf4 25. Bxc8 Rxc8 26. dxe7 Bb5+
27. Ke1 Rxc7 28. Rxc7 Bxc7 29. Rd8+ Kg7 30. e8=Q Bxe8 31. Rxe8 h5 32. g3 g5 33.
Ke2 Bd6 34. Kd3 Kg6 35. Ke4 Bc5 36. f4 g4 37. Kd5 a5 38. Re1 Bf2 39. Re2 Bc5
40. a4 Bg1 41. Ke4 Bc5 42. Re1 Bf2 43. Rf1 Bc5 44. Rc1 Kf6 45. Kd5 Bf2 46. Rc6+
Kg7 47. Ke5 Bg1 48. Rc2 Kg6 49. Rd2 Bc5 50. Rd1 Bb4 51. Rd8 Be7 52. Rg8+ Kh7
53. Rb8 Bc5 54. Kf6 Bg1 55. Kg5 Bxh2 56. Kh4 Bg1 57. Kxh5 f5 58. Rb7+ Kg8 59.
Kg6 Kf8 1-0

[Event "NAYCC U14"]
[Site "Kingston CAN"]
[Date "2019.08.17"]
[Round "4.121"]
[White "Li, Dennis"]
[Black "Wang, Paul"]
[Result "1/2-1/2"]
[WhiteElo "2151"]
[BlackElo "1977"]
[PlyCount "82"]
[EventDate "2019.08.16"]
[EventType "swiss"]
[EventRounds "9"]
[EventCountry "CAN"]

1. e4 e5 2. Nf3 Nc6 3. Bc4 Bc5 4. c3 Nf6 5. d3 d6 6. O-O a6 7. Bb3 O-O 8. Re1
h6 9. h3 Ba7 10. Bc2 Ne7 11. Nbd2 Ng6 12. Nf1 c6 13. Ng3 Re8 14. d4 Qc7 15. Nf5
Bxf5 16. exf5 Nf8 17. Be3 exd4 18. Nxd4 d5 19. g3 c5 20. Nf3 Rad8 21. Bf4 Qc8
22. Rxe8 Rxe8 23. g4 Bb8 24. Qd2 N8h7 25. Rd1 Ne4 26. Bxe4 dxe4 27. Ne1 Nf6 28.
Ng2 Bxf4 29. Nxf4 Re7 30. Qd8+ Qxd8 31. Rxd8+ Re8 32. Rxe8+ Nxe8 33. Kf1 Kf8
34. Nh5 Ke7 35. Ke2 g6 36. Ng3 Nd6 37. fxg6 fxg6 38. b3 Ke6 39. Ke3 Ke5 40. Nf1
b5 41. Nd2 g5 1/2-1/2

[Event "NAYCC U14"]
[Site "Kingston CAN"]
[Date "2019.08.17"]
[Round "4.122"]
[White "Modi, Ethan"]
[Black "Ivanescu, Mark"]
[Result "1-0"]
[WhiteElo "1980"]
[BlackElo "1985"]
[PlyCount "117"]
[EventDate "2019.08.16"]
[EventType "swiss"]
[EventRounds "9"]
[EventCountry "CAN"]

1. d4 Nf6 2. c4 g6 3. Nc3 Bg7 4. e4 d6 5. Bg5 Nbd7 6. Qd2 c5 7. d5 a6 8. f3 Qa5
9. Nh3 Rb8 10. a4 Nb6 11. Nf2 Qb4 12. Nb1 Bd7 13. a5 Na4 14. Qxb4 cxb4 15. Nd3
Rc8 16. Nd2 h5 17. Rb1 b5 18. axb6 a5 19. Be3 O-O 20. Be2 Rb8 21. Nb3 Nxb6 22.
Nxa5 Rfc8 23. b3 Ne8 24. Nxb4 Bc3+ 25. Bd2 Bxb4 26. Bxb4 Nxd5 27. exd5 Rxb4 28.
Kd2 Nc7 29. Bd3 Na6 30. f4 Nc5 31. Bc2 Ra8 32. Ra1 Kg7 33. Kc3 Rab8 34. Rhf1
R4b6 35. Rfb1 Rb4 36. h3 Na6 37. Nc6 Bxc6 38. dxc6 R4b6 39. b4 Nc7 40. b5 Kf6
41. Ra7 Rc8 42. Kb4 Rbb8 43. Kc3 Rb6 44. Bd3 Ne6 45. g3 Nc7 46. Kb4 Ne6 47. Kc3
Nc7 48. Rba1 Rbb8 49. R1a5 e6 50. c5 dxc5 51. Kc4 e5 52. fxe5+ Kxe5 53. Kxc5
Ne6+ 54. Kc4 Kd6 55. Rd7+ Ke5 56. Rxf7 Rb6 57. Bxg6 Rg8 58. Bxh5 Rxg3 59. Rb7
1-0

[Event "NAYCC U14"]
[Site "Kingston CAN"]
[Date "2019.08.17"]
[Round "4.123"]
[White "Wang, Oscar"]
[Black "Huang, Ryan"]
[Result "1/2-1/2"]
[WhiteElo "1787"]
[BlackElo "2024"]
[PlyCount "41"]
[EventDate "2019.08.16"]
[EventType "swiss"]
[EventRounds "9"]
[EventCountry "CAN"]

1. e4 c5 2. d4 cxd4 3. c3 dxc3 4. Nxc3 Nc6 5. Nf3 a6 6. Bc4 d6 7. e5 dxe5 8.
Qxd8+ Nxd8 9. Nxe5 e6 10. Be3 Bb4 11. O-O-O Bxc3 12. bxc3 Nc6 13. Nxc6 bxc6 14.
Rd6 Bd7 15. Rhd1 Nf6 16. Bd4 Ne4 17. Rxd7 Kxd7 18. Bxg7+ Ke7 19. Bxh8 Rxh8 20.
Bxa6 Nxc3 21. Rd2 1/2-1/2

[Event "NAYCC U14"]
[Site "Kingston CAN"]
[Date "2019.08.17"]
[Round "4.124"]
[White "Li, Weijie"]
[Black "Windram, James"]
[Result "1-0"]
[WhiteElo "2022"]
[BlackElo "2064"]
[PlyCount "63"]
[EventDate "2019.08.16"]
[EventType "swiss"]
[EventRounds "9"]
[EventCountry "CAN"]

1. d4 Nf6 2. c4 c5 3. d5 e6 4. Nc3 exd5 5. cxd5 d6 6. e4 g6 7. f4 Bg7 8. Bb5+
Nfd7 9. Bd3 O-O 10. Nf3 Na6 11. O-O Nc7 12. Be3 Re8 13. Re1 Rb8 14. a4 a6 15.
a5 Nf6 16. h3 Bd7 17. Bf2 Nh5 18. Qd2 Bh6 19. Be3 Bg7 20. e5 dxe5 21. fxe5 Bxe5
22. Nxe5 Rxe5 23. Bxc5 Rxe1+ 24. Rxe1 Nb5 25. Ne4 Bf5 26. Bc4 Qc8 27. b4 Qd7
28. Ng5 Nd6 29. Be2 Ng3 30. Qf4 Nxe2+ 31. Rxe2 Re8 32. Qxd6 1-0

[Event "NAYCC U14"]
[Site "Kingston CAN"]
[Date "2019.08.17"]
[Round "4.125"]
[White "Lu, Jason"]
[Black "Lang, Quintin"]
[Result "1-0"]
[WhiteElo "2161"]
[BlackElo "1103"]
[PlyCount "79"]
[EventDate "2019.08.16"]
[EventType "swiss"]
[EventRounds "9"]
[EventCountry "CAN"]

1. d4 Nf6 2. c4 e6 3. Nc3 d5 4. cxd5 exd5 5. Bg5 Be7 6. e3 Bf5 7. Qb3 b6 8.
Bxf6 gxf6 9. Qxd5 Qxd5 10. Nxd5 Bd8 11. Nf3 c6 12. Nc3 O-O 13. Bc4 Be6 14. Bd3
Be7 15. O-O Rd8 16. Rac1 f5 17. b3 Nd7 18. Rfd1 Nf6 19. g3 Nd5 20. Nxd5 Bxd5
21. Ne5 Ba3 22. Rc2 f6 23. Nc4 Bf3 24. Rf1 Bf8 25. Bxf5 c5 26. Nd2 Be2 27. Re1
Ba6 28. d5 Rd6 29. Ne4 Rdd8 30. Nxf6+ Kg7 31. Nh5+ Kh6 32. Nf4 Bd6 33. Ne6 Rg8
34. e4 Be5 35. f4 Bd4+ 36. Nxd4 cxd4 37. Rd2 d3 38. e5 Rad8 39. d6 Rge8 40. Kf2
1-0

[Event "NAYCC U14"]
[Site "Kingston CAN"]
[Date "2019.08.17"]
[Round "4.126"]
[White "Jeyakumar, Bhavatharshan"]
[Black "Zhang, Kevin2"]
[Result "0-1"]
[WhiteElo "1731"]
[BlackElo "1795"]
[PlyCount "86"]
[EventDate "2019.08.16"]
[EventType "swiss"]
[EventRounds "9"]
[EventCountry "CAN"]

1. e4 c5 2. c3 d5 3. exd5 Qxd5 4. d4 Nc6 5. Nf3 Bg4 6. Be2 Nf6 7. c4 Qd6 8. d5
Ne5 9. Nxe5 Qxe5 10. Nc3 g6 11. Be3 Bxe2 12. Qxe2 b6 13. O-O Bg7 14. Rad1 O-O
15. f4 Qf5 16. Qf3 Ng4 17. Ne2 Nxe3 18. Qxe3 Bxb2 19. Rd2 Bf6 20. Ng3 Qd7 21.
Kh1 Bd4 22. Qe2 b5 23. cxb5 Qxd5 24. Qxe7 Rfe8 25. Qh4 Qc4 26. f5 Qxb5 27. fxg6
fxg6 28. Rdd1 Qc6 29. Qg4 Qe6 30. Qg5 Be3 31. Qh4 Bd4 32. Qg5 Be3 33. Qh4 Rab8
34. Rf6 Qe5 35. Qc4+ Kh8 36. Rdf1 Bh6 37. Rf7 Re7 38. R7f3 Rb4 39. Qa6 Rf4 40.
Rxf4 Bxf4 41. Ne4 Qxe4 42. Qf6+ Kg8 43. Rxf4 Qxf4 0-1

[Event "NAYCC U14"]
[Site "Kingston CAN"]
[Date "2019.08.17"]
[Round "4.127"]
[White "Vijendra, Vinushan"]
[Black "Zhang, Samuel"]
[Result "0-1"]
[WhiteElo "1474"]
[BlackElo "2048"]
[PlyCount "84"]
[EventDate "2019.08.16"]
[EventType "swiss"]
[EventRounds "9"]
[EventCountry "CAN"]

1. e4 c5 2. Nf3 d6 3. d4 cxd4 4. Nxd4 Nf6 5. Nc3 a6 6. Be2 e5 7. Nb3 Be7 8. a4
O-O 9. Be3 Be6 10. O-O Nbd7 11. f3 Rc8 12. Nd5 Bxd5 13. exd5 Nb6 14. Bxb6 Qxb6+
15. Kh1 e4 16. Qd4 Qxd4 17. Nxd4 Nxd5 18. fxe4 Ne3 19. Rfc1 Bf6 20. c3 Bxd4 21.
cxd4 Nc2 22. Bg4 Rc6 23. d5 Rc5 24. Rab1 Re8 25. Bf3 g6 26. Kg1 a5 27. Bd1 Nd4
28. Rxc5 dxc5 29. Bf3 Kg7 30. Re1 Kf6 31. Kf2 Ke5 32. Bd1 b6 33. h4 h5 34. Bf3
Rb8 35. Rc1 Rd8 36. Re1 Rd6 37. Re3 Rf6 38. Rc3 Rf4 39. Kg3 f5 40. Re3 fxe4 41.
Re1 Nf5+ 42. Kf2 Kxd5 0-1

[Event "NAYCC U14"]
[Site "Kingston CAN"]
[Date "2019.08.18"]
[Round "5.128"]
[White "Stoilov, Vadym"]
[Black "Mao, Fengxi"]
[Result "0-1"]
[WhiteElo "1626"]
[BlackElo "2111"]
[PlyCount "68"]
[EventDate "2019.08.16"]
[EventType "swiss"]
[EventRounds "9"]
[EventCountry "CAN"]

1. e4 e6 2. d4 d5 3. Nc3 Bb4 4. e5 c5 5. a3 Bxc3+ 6. bxc3 Qa5 7. Bd2 Qa4 8. Qg4
Kf8 9. Ra2 b6 10. Nf3 Ba6 11. Qg5 Ne7 12. Bxa6 Nxa6 13. O-O h6 14. Qe3 Rc8 15.
Qd3 cxd4 16. cxd4 Qc4 17. Qxc4 Rxc4 18. Rb1 Ra4 19. Bb4 Ke8 20. Kf1 Nc6 21. c3
Kd7 22. Ke2 Rc8 23. Kd2 Ncxb4 24. cxb4 Rc4 25. Rc1 Rxc1 26. Kxc1 Nxb4 27. Rd2
Rxa3 28. Kd1 Ra1+ 29. Ke2 Ra2 30. Rxa2 Nxa2 31. Kd2 Nb4 32. Kc3 Nc6 33. Kb3 b5
34. Kc3 a5 0-1

[Event "NAYCC U14"]
[Site "Kingston CAN"]
[Date "2019.08.18"]
[Round "5.129"]
[White "Zheng, Kevin"]
[Black "Wang, Eric"]
[Result "1-0"]
[WhiteElo "2058"]
[BlackElo "1554"]
[PlyCount "73"]
[EventDate "2019.08.16"]
[EventType "swiss"]
[EventRounds "9"]
[EventCountry "CAN"]

1. d4 d5 2. c4 e6 3. Nc3 Nf6 4. cxd5 exd5 5. Bg5 Be7 6. e3 h6 7. Bh4 O-O 8. Bd3
c6 9. Nge2 Re8 10. f3 Nbd7 11. Qd2 b6 12. g4 Nh7 13. Bg3 Bh4 14. O-O-O Bxg3 15.
Nxg3 Ndf6 16. Nf5 Bxf5 17. gxf5 Qd6 18. Rhg1 Rad8 19. h4 Kh8 20. Bc2 c5 21. Bb3
Qe7 22. Rde1 a6 23. Qg2 Rg8 24. Qf2 Qd7 25. Bc2 cxd4 26. exd4 Rde8 27. Re5 Qc7
28. Rge1 b5 29. Nxd5 Qd6 30. Nc3 Qd7 31. Qe3 Rxe5 32. dxe5 Nd5 33. Qd4 Ndf6 34.
Qb6 Nd5 35. Qxa6 Nxc3 36. bxc3 Re8 37. f4 1-0

[Event "NAYCC U14"]
[Site "Kingston CAN"]
[Date "2019.08.18"]
[Round "5.130"]
[White "Lang, Quintin"]
[Black "Craciun, David"]
[Result "0-1"]
[WhiteElo "1103"]
[BlackElo "1949"]
[PlyCount "124"]
[EventDate "2019.08.16"]
[EventType "swiss"]
[EventRounds "9"]
[EventCountry "CAN"]

1. e4 e5 2. Nf3 Nc6 3. Bb5 a6 4. Ba4 Nf6 5. O-O Be7 6. Re1 b5 7. Bb3 O-O 8. c3
d5 9. exd5 Nxd5 10. Nxe5 Nxe5 11. Rxe5 c6 12. d3 Bd6 13. Re1 Qh4 14. g3 Qh3 15.
Re4 Bd7 16. c4 Nf6 17. Rh4 Qf5 18. c5 Bxc5 19. Rf4 Qg6 20. d4 Bd6 21. Rh4 Rfe8
22. Bf4 Bxf4 23. Rxf4 Bg4 24. f3 Bf5 25. g4 Bd7 26. Nc3 Qh6 27. Qc1 Re7 28. Ne4
Nxe4 29. Rxe4 Rxe4 30. Qxh6 Rxg4+ 31. fxg4 gxh6 32. Rf1 Rf8 33. h3 Kg7 34. Re1
Kf6 35. Rf1+ Kg6 36. Kg2 f5 37. gxf5+ Bxf5 38. Bc2 Kg5 39. Kg3 Rf6 40. Bd1 Rd6
41. Bf3 Be6 42. h4+ Kg6 43. Be4+ Kg7 44. Rd1 Bxa2 45. b4 Bd5 46. Bf5 Rf6 47.
Kg4 h5+ 48. Kf4 Be6 49. Rg1+ Kf7 50. Rg5 Rxf5+ 51. Rxf5+ Bxf5 52. Kxf5 h6 53.
Ke5 Ke7 54. Kf5 Kd7 55. Kg6 a5 56. bxa5 b4 57. Kxh6 b3 58. Kxh5 b2 59. Kh6 b1=Q
60. h5 Qe4 61. Kg7 Qxd4+ 62. Kh7 Qf6 0-1

[Event "NAYCC U14"]
[Site "Kingston CAN"]
[Date "2019.08.18"]
[Round "5.131"]
[White "Li, Kevin"]
[Black "Richard, Leo"]
[Result "0-1"]
[WhiteElo "1912"]
[BlackElo "1940"]
[PlyCount "46"]
[EventDate "2019.08.16"]
[EventType "swiss"]
[EventRounds "9"]
[EventCountry "CAN"]

1. e4 c5 2. Nf3 Nc6 3. d4 cxd4 4. Nxd4 Nf6 5. Nc3 e5 6. Ndb5 d6 7. Bg5 a6 8.
Na3 b5 9. Nd5 Be7 10. Bxf6 Bxf6 11. c3 O-O 12. Nc2 Bg5 13. h4 Bh6 14. g4 f6 15.
Nce3 Rb8 16. Nf5 Bxf5 17. gxf5 Kh8 18. Ne3 b4 19. c4 Qa5 20. b3 Qc5 21. Qd5
Bxe3 22. fxe3 Qxe3+ 23. Be2 Nd4 0-1

[Event "NAYCC U14"]
[Site "Kingston CAN"]
[Date "2019.08.18"]
[Round "5.132"]
[White "Shubin, Daniel"]
[Black "Vijendra, Vinushan"]
[Result "1/2-1/2"]
[WhiteElo "2041"]
[BlackElo "1474"]
[PlyCount "69"]
[EventDate "2019.08.16"]
[EventType "swiss"]
[EventRounds "9"]
[EventCountry "CAN"]

1. e4 e5 2. Nf3 Nc6 3. Bc4 Bc5 4. c3 Nf6 5. d4 exd4 6. cxd4 Bb4+ 7. Bd2 Bxd2+
8. Nbxd2 O-O 9. e5 d5 10. Bd3 Nd7 11. O-O Nb6 12. Re1 Bg4 13. h3 Bh5 14. Qb3
Qe7 15. Rac1 Nb4 16. Bf1 Bg6 17. Rc5 Nc6 18. Rec1 Rfc8 19. g3 Nd8 20. Bg2 Ne6
21. R5c3 c6 22. a4 Rab8 23. Qa2 Na8 24. Nf1 Be4 25. N1d2 Bg6 26. Bf1 Nac7 27.
Bd3 Bxd3 28. Rxd3 Na6 29. Rdc3 Nb4 30. Qb3 a5 31. Nf1 b6 32. Ne3 Qd7 33. Nc2
Na6 34. Ne3 Nb4 35. Nc2 1/2-1/2

[Event "NAYCC U14"]
[Site "Kingston CAN"]
[Date "2019.08.18"]
[Round "5.133"]
[White "Xing, Larrance"]
[Black "Xu, Philip"]
[Result "1-0"]
[WhiteElo "1746"]
[BlackElo "1083"]
[PlyCount "57"]
[EventDate "2019.08.16"]
[EventType "swiss"]
[EventRounds "9"]
[EventCountry "CAN"]

1. e4 e5 2. Nf3 Nc6 3. Bc4 Nf6 4. d3 Be7 5. O-O O-O 6. Nc3 d6 7. h3 h6 8. Nd5
Na5 9. Nxe7+ Qxe7 10. Bb3 Be6 11. Be3 Nxb3 12. axb3 a6 13. Re1 Nh7 14. d4 f5
15. exf5 Rxf5 16. dxe5 dxe5 17. Qe2 Ng5 18. Bxg5 hxg5 19. Nxe5 Re8 20. Ng4 Qc5
21. Qd3 Rff8 22. Qg6 Bxg4 23. Rxe8 Qxf2+ 24. Kh1 Bf5 25. Rxf8+ Kxf8 26. Qxg5
Be4 27. Qd8+ Kf7 28. Qxc7+ Kg8 29. Qc4+ 1-0

[Event "NAYCC U14"]
[Site "Kingston CAN"]
[Date "2019.08.18"]
[Round "5.134"]
[White "Astudillo Cuevas, Alonso"]
[Black "Jeyakumar, Bhavatharshan"]
[Result "0-1"]
[WhiteElo "1975"]
[BlackElo "1731"]
[PlyCount "148"]
[EventDate "2019.08.16"]
[EventType "swiss"]
[EventRounds "9"]
[EventCountry "CAN"]

1. e4 c5 2. Nc3 a6 3. f4 b5 4. Nf3 Bb7 5. d3 e6 6. g3 d5 7. e5 Nc6 8. Bg2 h5 9.
O-O Nge7 10. Nh4 Nd4 11. Ne2 Ndf5 12. Nxf5 Nxf5 13. c4 Qd7 14. Nc3 bxc4 15.
dxc4 d4 16. Ne4 Rc8 17. a3 a5 18. Qb3 Ba6 19. Rd1 a4 20. Qc2 Rb8 21. h3 Be7 22.
Rd3 Bb7 23. b4 Bxe4 24. Bxe4 cxb4 25. axb4 Rxb4 26. Ba3 Ne3 27. Rxe3 dxe3 28.
Bxb4 Bxb4 29. Rxa4 e2 30. Ra8+ Ke7 31. Qxe2 Rxa8 32. Bxa8 Qa7+ 33. Kf1 Qxa8 34.
Qxh5 Qh1+ 35. Ke2 Qg2+ 36. Kd3 Qxg3+ 37. Ke4 Qe1+ 38. Kd3 Qd2+ 39. Ke4 Qc2+ 40.
Kd4 Qc3+ 41. Ke4 Qxc4+ 42. Kf3 Qd3+ 43. Kg4 Qe2+ 44. Kg5 Qxh5+ 45. Kxh5 Bd2 46.
Kg5 f6+ 47. exf6+ gxf6+ 48. Kg4 e5 49. fxe5 fxe5 50. Kf5 Kd6 51. Ke4 Bf4 52.
Kd3 Ke6 53. Ke4 Kf6 54. Kf3 Kg5 55. Kf2 e4 56. Kf1 Kh4 57. Kg2 e3 58. Kg1 Kxh3
59. Kf1 Kg3 60. Ke2 Kg2 61. Ke1 Kf3 62. Kf1 e2+ 63. Ke1 Bg3+ 64. Kd2 e1=Q+ 65.
Kd3 Qe2+ 66. Kd4 Qe5+ 67. Kc4 Ke3 68. Kb3 Qc5 69. Kb2 Qb4+ 70. Kc2 Bb8 71. Kc1
Qd2+ 72. Kb1 Kd3 73. Ka1 Kc3 74. Kb1 Qb2# 0-1

[Event "NAYCC U14"]
[Site "Kingston CAN"]
[Date "2019.08.18"]
[Round "5.135"]
[White "Mai, Deren"]
[Black "Ran, Charles"]
[Result "1-0"]
[WhiteElo "1277"]
[BlackElo "1619"]
[PlyCount "51"]
[EventDate "2019.08.16"]
[EventType "swiss"]
[EventRounds "9"]
[EventCountry "CAN"]

1. e4 e5 2. Nf3 Nc6 3. Bc4 Nf6 4. d3 Bc5 5. c3 a6 6. Bg5 h6 7. Bh4 d6 8. O-O g5
9. Bg3 Rg8 10. d4 exd4 11. cxd4 Ba7 12. e5 Ne4 13. exd6 cxd6 14. Re1 Ne7 15.
Rxe4 d5 16. Bxd5 Qxd5 17. Nc3 Qd8 18. d5 f5 19. Re2 f4 20. d6 fxg3 21. Rxe7+
Kf8 22. Ne5 g4 23. Qd2 gxh2+ 24. Kxh2 Rg5 25. Qf4+ Bf5 26. Ng6+ 1-0